Strategické řízení informačního systému a systémová integrace

Guardado en:
Detalles Bibliográficos
Autor principal: Voříšek, Jiří
Formato: Libro
Lenguaje:checo
Publicado: Praha Management Press 2002
Edición:1. vyd.
Materias:
Etiquetas: Agregar Etiqueta
Sin Etiquetas, Sea el primero en etiquetar este registro!

MARC

LEADER 00000nam a2200000 4500
001 c142552
005 20240517104810.9
020 |a 80-85943-40-9 
041 0 |a cze 
044 |a CZ 
245 1 0 |a Strategické řízení informačního systému a systémová integrace  |c Jiří Voříšek 
250 |a 1. vyd. 
264 1 |a Praha  |b Management Press  |c 2002 
300 |a 323 s. 
610 2 0 |a systémy informačné 
610 2 0 |a integrácia 
610 2 0 |a riadenie strategické 
610 2 0 |a prostredie ekonomické 
610 2 0 |a technológie informačné 
610 2 0 |a riziko 
610 2 0 |a architektúra 
610 2 0 |a stratégia podniková 
610 2 0 |a modely 
610 2 0 |a riadenie 
100 1 |a Voříšek, Jiří